000 00407nam a2200169Ia 4500
999 _c19298
_d19298
003 0100
005 20190611082321.0
008 130303s9999 xx 000 0 und d
040 _cARRUPELIB
050 _aQB121.M34 1993
100 _aMalin, David
_946604
245 2 _aA View of the Universe
260 _aCambridge, Massachusetts
260 _bSky Publishing Corporation
300 _a266p
650 _bSocial Justice
_946605
942 _2lcc
_cMONOGRAPH